00518nam a2200121Ia 45000010005000000080041000050820024000461000062000702450197001322600024003299010028003539990015003813011241024s9999 xx 000 0 und d aRD/371.1/R426p/2013 aRepública Dominicana. Ministerio de Educación. MINERD 0aPonencia: "Los docentes en el siglo XXI". Ministra de Educación de la República Dominicana, Lic. Josefina Pimentel: III Reunión Técnica de la Estrategia de Docentes de la UNESCO en ALC bSanto Domingoc2013 a17/7/2013 11:54:30 a.m. c8889d8889